[Event "Landesliga U20 Sued 1516"]
[Site "Bayern"]
[Date "2016.01.23"]
[Round "5.2"]
[White "Haelterlein, Josef"]
[Black "Goldbeck, Lars"]
[Result "1-0"]
[WhiteElo "1744"]
[BlackElo "1930"]
[PlyCount "95"]
[EventDate "2015.11.21"]
[EventType "team-tourn"]
[EventRounds "7"]
[EventCountry "GER"]
[SourceTitle "EXT 2022"]
[Source "ChessBase"]
[SourceDate "2021.10.06"]
[SourceVersion "1"]
[SourceVersionDate "2021.10.06"]
[SourceQuality "1"]
[WhiteTeam "Weilheim U20"]
[BlackTeam "Vaterstetten Grasbrunn U20"]
[WhiteTeamCountry "GER"]
[BlackTeamCountry "GER"]

1. e4 c5 2. Nf3 d6 3. d4 cxd4 4. Nxd4 Nf6 5. Nc3 a6 6. Bg5 e6 7. Nb3 Be7 8. f4 Nbd7 9. Qf3 Qc7 10. Bd3 h6 11. Bh4 Rg8 12. Bf2 b5 13. 0-0 g5 14. f5 Ne5 15. Qe2 Bb7 16. Nd4 Nxd3 17. cxd3 e5 18. Nc2 Kf8 19. a4 bxa4 20. Nxa4 Nd7 21. Rfc1 Rc8 22. b4 Kg7 23. Qe3 Qb8 24. d4 exd4 25. Nxd4 Bf6 26. Rab1 Rge8 27. Nc3 d5 28. b5 a5 29. Nc6 Qa8 30. Nxd5 Be5 31. Nxe5 Rxe5 32. Bg3 Bxd5 33. Bxe5+ Nxe5 34. Rxc8 Qxc8 35. exd5 Qxf5 36. Rf1 Ng4 37. Qc3+ Qe5 38. Qxe5+ Nxe5 39. b6 Kf8 40. b7 Nd7 41. Ra1 Ke7 42. Rxa5 Kd6 43. Rb5 Nb8 44. Kf2 f5 45. Rb6+ Kc7 46. Rxh6 Kxb7 47. Rf6 f4 48. Rg6 1-0

[Event "Landesliga U20 Sued 1516"]
[Site "Bayern"]
[Date "2015.12.19"]
[Round "2.2"]
[White "Waller, Stefan"]
[Black "Haelterlein, Josef"]
[Result "1-0"]
[WhiteElo "1763"]
[BlackElo "1744"]
[PlyCount "99"]
[EventDate "2015.11.21"]
[EventType "team-tourn"]
[EventRounds "7"]
[EventCountry "GER"]
[SourceTitle "EXT 2022"]
[Source "ChessBase"]
[SourceDate "2021.10.06"]
[SourceVersion "1"]
[SourceVersionDate "2021.10.06"]
[SourceQuality "1"]
[WhiteTeam "Fuerstenfeldbruck TuS U20"]
[BlackTeam "Weilheim U20"]
[WhiteTeamCountry "GER"]
[BlackTeamCountry "GER"]

1. e4 c5 2. Nf3 e6 3. d4 cxd4 4. Nxd4 Nc6 5. Nc3 Qc7 6. Be2 a6 7. Be3 Nf6 8. 0-0 b5 9. a3 Bb7 10. Qd2 Be7 11. Rad1 0-0 12. Bd3 Rac8 13. Qe2 Rfe8 14. f4 d6 15. h3 Na5 16. Rfe1 Nc4 17. Bc1 d5 18. e5 Nd7 19. Kh1 Nc5 20. Qg4 g6 21. Qg3 Nxd3 22. Rxd3 Bc5 23. Nf3 Qb6 24. Nd1 b4 25. axb4 Bxb4 26. c3 Bc5 27. Rf1 a5 28. Nd4 Bxd4 29. Rxd4 Ba6 30. Rf2 Rb8 31. Ne3 Qc6 32. Ng4 Kg7 33. Nf6 Rh8 34. Qh4 h5 35. Qg3 Nb6 36. f5 exf5 37. Rxf5 Qe6 38. Rxh5 Nd7 39. Nxd7 Qxd7 40. Rxh8 Rxh8 41. Qf3 Bc4 42. Bg5 Rh5 43. g4 Rh7 44. Qf6+ Kg8 45. Kg2 Bb3 46. Qb6 Qe8 47. Bf6 a4 48. Qc7 Bc2 49. Rb4 Be4+ 50. Kg3 1-0

[Event "Augsburg Afro op-A 18th"]
[Site "Augsburg"]
[Date "2011.08.07"]
[Round "7"]
[White "Haelterlein, Josef"]
[Black "Lang, Ludwig"]
[Result "1-0"]
[WhiteElo "1643"]
[BlackElo "1443"]
[PlyCount "85"]
[EventDate "2011.08.04"]
[EventType "swiss"]
[EventRounds "7"]
[EventCountry "GER"]
[SourceTitle "EXT 2015"]
[Source "ChessBase"]
[SourceDate "2014.11.20"]
[SourceVersion "1"]
[SourceVersionDate "2014.11.20"]
[SourceQuality "1"]

1. e4 e5 2. Nf3 Nc6 3. d4 exd4 4. Nxd4 Nf6 5. Nxc6 dxc6 6. Qxd8+ Kxd8 7. Bg5 Be7 8. Nc3 Bd7 9. Bc4 Be6 10. 0-0-0+ Nd7 11. Bxe7+ Kxe7 12. Bxe6 fxe6 13. f3 Rhd8 14. Ne2 Nf8 15. Nf4 Rxd1+ 16. Rxd1 Rd8 17. Rxd8 Kxd8 18. Kd2 Kd7 19. Ke3 Kd6 20. b3 b5 21. Nd3 c5 22. Nb2 Nd7 23. c4 Kc6 24. f4 Kb6 25. e5 Ka5 26. cxb5 Kxb5 27. Nc4 g6 28. g4 Nb6 29. Nxb6 cxb6 30. Ke4 Kc6 31. f5 gxf5+ 32. gxf5 exf5+ 33. Kxf5 Kd7 34. Kf6 Ke8 35. Ke6 b5 36. Kd5 Ke7 37. Kxc5 a6 38. Kb6 Ke6 39. Kxa6 Kxe5 40. Kxb5 Kd6 41. Kb6 Kd7 42. Kb7 h5 43. a4 1-0

[Event "Augsburg Afro op-A 18th"]
[Site "Augsburg"]
[Date "2011.08.06"]
[Round "6"]
[White "Braig, Elmar"]
[Black "Haelterlein, Josef"]
[Result "1-0"]
[WhiteElo "1851"]
[BlackElo "1643"]
[PlyCount "39"]
[EventDate "2011.08.04"]
[EventType "swiss"]
[EventRounds "7"]
[EventCountry "GER"]
[SourceTitle "EXT 2015"]
[Source "ChessBase"]
[SourceDate "2014.11.20"]
[SourceVersion "1"]
[SourceVersionDate "2014.11.20"]
[SourceQuality "1"]

1. e4 c5 2. Nf3 e6 3. d4 cxd4 4. Nxd4 Nc6 5. a3 Qc7 6. Nc3 a6 7. Be3 Nf6 8. g4 d6 9. g5 Nd7 10. f4 Be7 11. h4 Nb6 12. a4 Na5 13. Bg2 Nac4 14. Bc1 e5 15. Nf5 Bxf5 16. exf5 a5 17. Qf3 Qc5 18. b3 Qb4 19. bxc4 d5 20. Rb1 1-0

[Event "Augsburg Afro op-A 18th"]
[Site "Augsburg"]
[Date "2011.08.05"]
[Round "3"]
[White "Haelterlein, Josef"]
[Black "Endisch, Peter"]
[Result "0-1"]
[WhiteElo "1643"]
[BlackElo "1993"]
[PlyCount "50"]
[EventDate "2011.08.04"]
[EventType "swiss"]
[EventRounds "7"]
[EventCountry "GER"]
[SourceTitle "EXT 2015"]
[Source "ChessBase"]
[SourceDate "2014.11.20"]
[SourceVersion "1"]
[SourceVersionDate "2014.11.20"]
[SourceQuality "1"]

1. e4 e6 2. d4 d5 3. e5 c5 4. c3 Nc6 5. Nf3 Bd7 6. a3 f6 7. exf6 Nxf6 8. b4 cxd4 9. cxd4 Bd6 10. Bb2 0-0 11. Be2 Be8 12. 0-0 Ne4 13. Nbd2 Bg6 14. Rc1 Bf4 15. Bc3 Rc8 16. b5 Nxc3 17. Rxc3 Nxd4 18. Nxd4 Rxc3 19. Nxe6 Bxh2+ 20. Kxh2 Qd6+ 21. Kg1 Qxe6 22. Bf3 Rxa3 23. Re1 Qd7 24. b6 axb6 25. Nc4 Rd3 0-1

[Event "Augsburg Afro op-A 18th"]
[Site "Augsburg"]
[Date "2011.08.05"]
[Round "4"]
[White "Haelterlein, Josef"]
[Black "Peck, Malcolm"]
[Result "1-0"]
[WhiteElo "1643"]
[BlackElo "1773"]
[PlyCount "65"]
[EventDate "2011.08.04"]
[EventType "swiss"]
[EventRounds "7"]
[EventCountry "GER"]
[SourceTitle "EXT 2015"]
[Source "ChessBase"]
[SourceDate "2014.11.20"]
[SourceVersion "1"]
[SourceVersionDate "2014.11.20"]
[SourceQuality "1"]

1. e4 c5 2. Nf3 Nc6 3. d4 cxd4 4. Nxd4 g6 5. c4 Bg7 6. Be3 Nf6 7. Nc3 0-0 8. Be2 d6 9. 0-0 a6 10. Rb1 Bd7 11. f3 Rb8 12. Qd2 Qc8 13. Rfc1 Ne5 14. b4 Qd8 15. Nd5 Nxd5 16. cxd5 b5 17. f4 Nc4 18. Bxc4 bxc4 19. Rxc4 Bb5 20. Nc6 Qc7 21. Rcc1 Rbc8 22. Qc2 Rfe8 23. a4 Bxc6 24. dxc6 e5 25. b5 axb5 26. axb5 Qa5 27. b6 exf4 28. Bf2 f3 29. b7 Rcd8 30. c7 Qg5 31. g3 Be5 32. cxd8Q Rxd8 33. b8Q 1-0

[Event "Augsburg Afro op-A 18th"]
[Site "Augsburg"]
[Date "2011.08.04"]
[Round "1"]
[White "Haelterlein, Josef"]
[Black "Buehler, Florian"]
[Result "0-1"]
[WhiteElo "1643"]
[BlackElo "2055"]
[PlyCount "64"]
[EventDate "2011.08.04"]
[EventType "swiss"]
[EventRounds "7"]
[EventCountry "GER"]
[SourceTitle "EXT 2015"]
[Source "ChessBase"]
[SourceDate "2014.11.20"]
[SourceVersion "1"]
[SourceVersionDate "2014.11.20"]
[SourceQuality "1"]

1. e4 g6 2. d4 Bg7 3. f4 d6 4. Nf3 c6 5. Nc3 Qc7 6. Bd3 Bg4 7. 0-0 Bxd4+ 8. Kh1 Bg7 9. h3 Bxf3 10. Qxf3 Nd7 11. Be3 Ngf6 12. Rfe1 0-0 13. Rad1 b5 14. Ne2 a6 15. Ng3 e5 16. f5 d5 17. c3 Rae8 18. Bc2 dxe4 19. Nxe4 Nxe4 20. Bxe4 Rc8 21. g4 Nf6 22. Bc2 Rfe8 23. Bg5 Nd5 24. f6 Bf8 25. Be4 Nf4 26. Bxc6 Ne6 27. Bxe8 Nxg5 28. Qe3 Qb7+ 29. Kg1 Nf3+ 30. Kf2 Bc5 31. Rd4 Nxd4 32. Bxf7+ Kxf7 0-1